000 00668 a2200205 4500
010 _aENG-89744
020 _c225.00
_a9788120334779
035 _aEN-73277
037 _bDBAD / PUB
082 1 4 _a658.404
090 _c11601
_d11601
100 1 _aRichman, Larry
245 1 _aProject management step by step/
_cby Larry Richman
260 _aNew Delhi
_bPrentice- Hall of India
_c2008
270 _aM-97, Connaught Circus,
_bNew Delhi
_e110 001
300 _axi, 292p.:
_c23 cm (Hb)
_bill
500 _aIncludes index.
942 _adpl
_cEN
_k 658.404/ RIC
999 _c11285
_d11285